[Event "BRA-ch (Women) 62nd"]
[Site "Timbo"]
[Date "2023.11.03"]
[Round "7"]
[White "Danker, Nikole"]
[Black "Kruger, Nathalia"]
[Result "1/2-1/2"]
[WhiteElo "1755"]
[BlackElo "1420"]
[PlyCount "107"]
[EventDate "2023.10.29"]
[EventType "swiss"]
[EventRounds "9"]
[EventCountry "BRA"]
[SourceTitle "Mega2024 Update 01"]
[Source "Chessbase"]
[SourceDate "2023.11.12"]
[SourceVersion "1"]
[SourceVersionDate "2023.11.12"]
[SourceQuality "1"]

1. d4 d5 2. Bf4 Nf6 3. Nf3 e6 4. e3 Be7 5. Bd3 0-0 6. 0-0 c5 7. a3 b6 8. Nbd2 Bb7 9. c3 Bd6 10. Ne5 Nc6 11. Ndf3 cxd4 12. cxd4 Be7 13. h3 Nxe5 14. Nxe5 Nd7 15. Rc1 Nxe5 16. Bxe5 Bd6 17. f4 Bxe5 18. fxe5 Qd7 19. Rf4 g6 20. Qg4 Rac8 21. Rcf1 Bc6 22. Bb1 Bb5 23. Re1 Ba4 24. Qg5 Bc2 25. Rh4 Bxb1 26. Qh6 f6 27. Rxb1 fxe5 28. dxe5 Rc7 29. Rd1 Qf7 30. Rf4 Qe7 31. Rxf8+ Qxf8 32. Qxf8+ Kxf8 33. e4 dxe4 34. Re1 Rc2 35. Rxe4 Rxb2 36. Rc4 a5 37. Rc6 Kf7 38. Rc7+ Kg8 39. Re7 Rb3 40. Rxe6 Rxa3 41. Rxb6 Re3 42. e6 Kf8 43. Ra6 Re5 44. Kf2 Ke7 45. Kf3 Rxe6 46. Rxa5 Kf6 47. Ra4 Re5 48. Rf4+ Rf5 49. g4 Rxf4+ 50. Kxf4 g5+ 51. Kf3 Ke5 52. h4 h6 53. hxg5 hxg5 54. Ke3 1/2-1/2